[Event "Thessaloniki-Chalkidiki-chT B local"]
[Site "Thessaloniki"]
[Date "2019.02.24"]
[Round "6.1"]
[White "Tsikerdanos, Konstantinos"]
[Black "Haritakis, Theodoros"]
[Result "0-1"]
[WhiteElo "1882"]
[BlackElo "2150"]
[PlyCount "98"]
[EventDate "2019.01.13"]
[EventType "team-swiss"]
[EventRounds "9"]
[EventCountry "GRE"]
[SourceTitle "EXT 2020"]
[Source "ChessBase"]
[SourceDate "2019.10.17"]
[SourceVersion "1"]
[SourceVersionDate "2019.10.17"]
[SourceQuality "1"]

1. d4 e6 2. Nf3 f5 3. e4 fxe4 4. Ng5 Nf6 5. Nc3 Bb4 6. f3 d5 7. fxe4 dxe4 8. Bc4 Nc6 9. Be3 Qe7 10. 0-0 Bxc3 11. bxc3 0-0 12. Rxf6 gxf6 13. Nxe4 f5 14. Nd2 Bd7 15. Bh6 Rf7 16. Qh5 Kh8 17. Bg5 Qf8 18. Nf3 Qg7 19. Re1 Qg6 20. Qh4 Re8 21. d5 exd5 22. Rxe8+ Bxe8 23. Bxd5 Rf8 24. Bf4 Bf7 25. c4 Re8 26. Bxc7 Kg8 27. Qf4 Qg4 28. Qxg4+ fxg4 29. Ng5 Bxd5 30. cxd5 Ne5 31. Ne4 Nd7 32. Nd6 Re2 33. c4 b6 34. a3 Rc2 35. Bd8 Rc3 36. a4 Ra3 37. Kf2 Rxa4 38. Kg3 Ra2 39. Nf5 Kf8 40. Ne3 h5 41. Kh4 Re2 42. Bg5 a5 43. Kxh5 a4 44. Kg6 a3 45. Nf5 a2 46. Bh6+ Ke8 47. Nd6+ Ke7 48. Nf7 Ne5+ 49. Nxe5 Rxe5 0-1

[Event "Thessaloniki-Chalkidiki-chT B local"]
[Site "Thessaloniki"]
[Date "2019.01.27"]
[Round "3.1"]
[White "Haritakis, Theodoros"]
[Black "Athanasiadis, Mihail"]
[Result "0-1"]
[WhiteElo "2150"]
[BlackElo "2105"]
[PlyCount "140"]
[EventDate "2019.01.13"]
[EventType "team-swiss"]
[EventRounds "9"]
[EventCountry "GRE"]
[SourceTitle "EXT 2020"]
[Source "ChessBase"]
[SourceDate "2019.10.17"]
[SourceVersion "1"]
[SourceVersionDate "2019.10.17"]
[SourceQuality "1"]

1. Nf3 Nf6 2. c4 e6 3. d4 Bb4+ 4. Nbd2 b6 5. a3 Bxd2+ 6. Bxd2 Bb7 7. Bg5 h6 8. Bh4 g5 9. Bg3 Ne4 10. Nd2 Nxg3 11. hxg3 Qf6 12. e3 d6 13. Qc2 Nd7 14. f3 c5 15. Ne4 Qe7 16. dxc5 Nxc5 17. Nxc5 bxc5 18. g4 0-0-0 19. 0-0-0 Kb8 20. e4 Qf6 21. Be2 Qe5 22. Kb1 Bc6 23. Rd3 Rd7 24. Qd2 Ka8 25. Qc3 Qxc3 26. Rxc3 a5 27. b3 Kb8 28. Bd1 Kc7 29. Bc2 Rdd8 30. Kc1 Kd7 31. Kd2 Ke7 32. Ke3 f6 33. Bd3 Be8 34. Bc2 Rb8 35. Kd2 Bf7 36. Ke3 h5 37. gxh5 Bxh5 38. Kd2 Bf7 39. Rxh8 Rxh8 40. Re3 Rh2 41. Re2 g4 42. fxg4 Rh4 43. Re3 Rxg4 44. g3 Rg8 45. Kc3 e5 46. b4 cxb4+ 47. axb4 axb4+ 48. Kxb4 Rb8+ 49. Kc3 Rc8 50. Bb3 Bh5 51. Kb4 Bg6 52. Bc2 d5 53. Bd3 d4 54. Re1 Rb8+ 55. Ka3 Bf7 56. Rh1 Rg8 57. Rh3 Be6 58. Rh7+ Kd6 59. Kb4 Rb8+ 60. Ka3 Ra8+ 61. Kb4 Rb8+ 62. Ka3 Rb6 63. Rh6 Ke7 64. Rh7+ Bf7 65. c5 Rb3+ 66. Ka4 Rxd3 67. c6 Rc3 68. Kb5 d3 69. Rh1 Kd6 70. Rd1 Rb3+ 0-1

[Event "Thessaloniki Team Cup"]
[Site "Thessaloniki"]
[Date "2018.05.20"]
[Round "2.1"]
[White "Haritakis, Theodoros"]
[Black "Kalogeris, Ioannis"]
[Result "0-1"]
[WhiteElo "2173"]
[BlackElo "2319"]
[PlyCount "130"]
[EventDate "2018.05.19"]
[EventType "team-k.o."]
[EventRounds "2"]
[EventCountry "GRE"]
[SourceTitle "CBM 184 Extra"]
[Source "ChessBase"]
[SourceDate "2018.06.28"]
[SourceVersion "1"]
[SourceVersionDate "2018.06.28"]
[SourceQuality "1"]
[WhiteTeam "Sykeon O Foivos"]
[BlackTeam "Thessaloniki ES"]
[WhiteTeamCountry "GRE"]
[BlackTeamCountry "GRE"]

1. Nf3 Nf6 2. c4 c5 3. g3 Nc6 4. Bg2 d5 5. cxd5 Nxd5 6. 0-0 e5 7. d3 Be7 8. Nc3 Be6 9. Nd2 0-0 10. Nc4 Qd7 11. a4 Rad8 12. Bd2 Ndb4 13. Be3 f5 14. f3 Bxc4 15. dxc4 Qe6 16. Nd5 Nxd5 17. cxd5 Qxd5 18. Qxd5+ Rxd5 19. Rfd1 Rfd8 20. Rxd5 Rxd5 21. Rc1 Kf7 22. Kf1 Na5 23. Ke1 c4 24. Bxa7 Bb4+ 25. Kf2 Rd2 26. Bb6 Rxb2 27. Bxa5 Bxa5 28. Rxc4 Bb6+ 29. Ke1 Be3 30. Kd1 Rd2+ 31. Ke1 Ra2 32. Kd1 Ke6 33. Bh3 g6 34. g4 Kd5 35. Rb4 Rd2+ 36. Ke1 Rc2 37. Rb1 Ke6 38. gxf5+ gxf5 39. Kd1 Rc4 40. a5 Kf6 41. Ra1 Kg5 42. Rb1 Rc5 43. Ra1 Rc4 44. Rb1 h6 45. Ra1 h5 46. Rb1 Rc5 47. Ra1 Rd5+ 48. Ke1 Rb5 49. Kd1 Rc5 50. Rb1 Rd5+ 51. Kc2 Rd2+ 52. Kc3 Rxe2 53. Kd3 Rxh2 54. Bxf5 Kf4 55. Be4 h4 56. Rxb7 Rd2+ 57. Kc3 Rd6 58. Rh7 Kg3 59. Bf5 Bh6 60. Rh8 e4 61. Rg8+ Kxf3 62. Kc4 e3 63. Bg4+ Kf2 64. Kb5 Rd5+ 65. Kb6 Rg5 0-1

[Event "Aegean op 33rd"]
[Site "Aghios Kirykos"]
[Date "2010.07.18"]
[Round "6"]
[White "Iskos, Alexandros"]
[Black "Haritakis, Theodoros"]
[Result "0-1"]
[WhiteElo "2112"]
[BlackElo "2289"]
[PlyCount "66"]
[EventDate "2010.07.13"]
[EventType "swiss"]
[EventRounds "9"]
[EventCountry "GRE"]
[SourceTitle "CBM 137 Extra"]
[Source "ChessBase"]
[SourceDate "2010.09.01"]
[SourceVersion "1"]
[SourceVersionDate "2010.09.01"]
[SourceQuality "1"]

1. e4 e6 2. d4 d5 3. Nc3 Nf6 4. e5 Nfd7 5. f4 c5 6. Nf3 Nc6 7. Be3 Be7 8. Qd2 0-0 9. 0-0-0 c4 10. f5 b5 11. f6 gxf6 12. Bh6 b4 13. Qf4 Kh8 14. Ne4 dxe4 15. Bxc4 exf3 16. exf6 Nxf6 17. gxf3 Rg8 18. Rhg1 Rg6 19. Bd3 Bd7 20. h4 Qg8 21. Bxg6 fxg6 22. Rd2 Qb8 23. Qe3 Qd6 24. Bf4 Qd5 25. Rg5 Qxa2 26. Rd3 Nd5 27. Be5+ Kg8 28. Rxg6+ hxg6 29. Qh6 Nxe5 30. dxe5 Be8 31. h5 Qa1+ 32. Kd2 Qg1 33. f4 Bf8 0-1

[Event "GRE-chT 36th"]
[Site "Kallithea"]
[Date "2008.07.10"]
[Round "7.5"]
[White "Ilandzis, Spyridon"]
[Black "Haritakis, Theodoros"]
[Result "0-1"]
[WhiteElo "2196"]
[BlackElo "2276"]
[PlyCount "50"]
[EventDate "2008.07.06"]
[EventType "team-tourn"]
[EventRounds "7"]
[EventCountry "GRE"]
[SourceTitle "CBM 125 Extra"]
[Source "ChessBase"]
[SourceDate "2008.09.01"]
[SourceVersion "1"]
[SourceVersionDate "2008.09.01"]
[SourceQuality "1"]

1. d4 d5 2. Nf3 Nf6 3. c4 e6 4. e3 Be7 5. Nbd2 0-0 6. Bd3 c5 7. dxc5 Na6 8. 0-0 Nxc5 9. Be2 b6 10. b4 Nce4 11. Qb3 Bb7 12. Bb2 dxc4 13. Nxc4 Bd5 14. a4 Rc8 15. Rac1 Nd6 16. Nfd2 Nfe4 17. Nxe4 Nxe4 18. Rc2 Bf6 19. f3 Nd6 20. Bxf6 Qxf6 21. Rfc1 Nf5 22. b5 Qg5 23. e4 Nd4 24. Qe3 Qxe3+ 25. Nxe3 Nxe2+ 0-1

[Event "GRE-chT 35th"]
[Site "Ermioni Argolidas"]
[Date "2006.07.08"]
[Round "7"]
[White "Haritakis, Theodoros"]
[Black "Banikas, Hristos"]
[Result "0-1"]
[WhiteElo "2294"]
[BlackElo "2576"]
[PlyCount "66"]
[EventDate "2006.07.03"]
[EventType "team"]
[EventRounds "9"]
[EventCountry "GRE"]
[SourceTitle "CBM 113 Extra"]
[Source "ChessBase"]
[SourceDate "2006.09.14"]
[SourceVersion "1"]
[SourceVersionDate "2006.09.14"]
[SourceQuality "1"]

1. d4 Nf6 2. Nf3 g6 3. g3 Bg7 4. Bg2 0-0 5. 0-0 d6 6. b3 Nc6 7. Bb2 e5 8. dxe5 Nd7 9. c4 dxe5 10. Nc3 e4 11. Ne1 Nc5 12. Qc1 Nd4 13. Ba3 Ncxb3 14. axb3 Nxb3 15. Qb2 Nxa1 16. Bxf8 Qxf8 17. Qxa1 Bg4 18. Nc2 Bxe2 19. Re1 Bxc4 20. Bxe4 c6 21. Ne3 Be6 22. Qc1 Qb4 23. Ned1 a5 24. Bb1 a4 25. Re4 Qc5 26. Qe3 Qxe3 27. fxe3 b5 28. Ba2 Bxa2 29. Nxa2 c5 30. Re7 b4 31. Rb7 b3 32. Nac3 Bxc3 33. Nxc3 c4 0-1

[Event "GRE-chT 35th"]
[Site "Ermioni Argolidas"]
[Date "2006.07.07"]
[Round "6"]
[White "Sokolov, Andrei"]
[Black "Haritakis, Theodoros"]
[Result "1-0"]
[WhiteElo "2589"]
[BlackElo "2294"]
[PlyCount "101"]
[EventDate "2006.07.03"]
[EventType "team"]
[EventRounds "9"]
[EventCountry "GRE"]
[SourceTitle "CBM 113 Extra"]
[Source "ChessBase"]
[SourceDate "2006.09.14"]
[SourceVersion "1"]
[SourceVersionDate "2006.09.14"]
[SourceQuality "1"]

1. e4 e6 2. d4 d5 3. Nd2 c5 4. exd5 exd5 5. Ngf3 Nf6 6. Bb5+ Bd7 7. Bxd7+ Nbxd7 8. 0-0 Be7 9. dxc5 Nxc5 10. Re1 0-0 11. Nf1 Rc8 12. Be3 a5 13. c3 b5 14. Nd4 Qd7 15. Qf3 g6 16. Rad1 Rfe8 17. Bh6 Nce4 18. Ne3 b4 19. cxb4 axb4 20. g4 Bf8 21. Bxf8 Kxf8 22. Qf4 Kg7 23. f3 Nd6 24. h4 h6 25. Qxd6 Qxd6 26. Nef5+ gxf5 27. Nxf5+ Kf8 28. Nxd6 Rxe1+ 29. Rxe1 Rc2 30. b3 Rxa2 31. Nf5 Rb2 32. Re3 Rd2 33. Kf1 d4 34. Re5 Rd3 35. Ke2 Rxb3 36. Nxd4 Rb1 37. Rb5 Ne8 38. Rb8 Ke7 39. Nc6+ Kd7 40. Rxb4 Rxb4 41. Nxb4 Ke6 42. Nc6 Nd6 43. Ke3 f6 44. h5 Nc4+ 45. Kf4 Nd6 46. Nd4+ Kd5 47. Nf5 Nf7 48. Ne7+ Kd6 49. Ng8 Ke6 50. Ke4 Nd6+ 51. Ke3 1-0

[Event "GRE-chT 34th"]
[Site "Ermioni Argolidas"]
[Date "2005.07.08"]
[Round "5"]
[White "Haritakis, Theodoros"]
[Black "Zysk, Robert"]
[Result "0-1"]
[WhiteElo "2302"]
[BlackElo "2455"]
[PlyCount "42"]
[EventDate "2005.07.04"]
[EventType "team"]
[EventRounds "9"]
[EventCountry "GRE"]
[SourceTitle "CBM 107 Extra"]
[Source "ChessBase"]
[SourceDate "2005.09.01"]
[SourceVersion "1"]
[SourceVersionDate "2005.09.01"]
[SourceQuality "1"]

1. c4 d6 2. Nc3 e5 3. g3 g6 4. Bg2 Bg7 5. d3 Ne7 6. e4 Nd7 7. Nge2 a5 8. 0-0 h5 9. h3 Nc6 10. f4 Nc5 11. Be3 Nd4 12. Nb5 Nxe2+ 13. Qxe2 c6 14. Nc3 h4 15. fxe5 hxg3 16. Qf3 0-0 17. d4 Nd3 18. exd6 c5 19. dxc5 Qh4 20. Ne2 Nxb2 21. Bf4 Nxc4 0-1

[Event "GRE-chT 34th"]
[Site "Ermioni Argolidas"]
[Date "2005.07.07"]
[Round "4"]
[White "Dimitrov, Atanas Valtchev"]
[Black "Haritakis, Theodoros"]
[Result "1-0"]
[WhiteElo "2298"]
[BlackElo "2302"]
[PlyCount "83"]
[EventDate "2005.07.04"]
[EventType "team"]
[EventRounds "9"]
[EventCountry "GRE"]
[SourceTitle "CBM 107 Extra"]
[Source "ChessBase"]
[SourceDate "2005.09.01"]
[SourceVersion "1"]
[SourceVersionDate "2005.09.01"]
[SourceQuality "1"]

1. e4 c5 2. Nf3 e6 3. d4 cxd4 4. Nxd4 Nf6 5. Nc3 Nc6 6. Ndb5 Bb4 7. a3 Bxc3+ 8. Nxc3 d5 9. exd5 exd5 10. Qe2+ Be6 11. Bg5 h6 12. Bh4 d4 13. 0-0-0 Qc7 14. Bg3 Qd7 15. Be5 0-0-0 16. Bg3 Rhe8 17. Qb5 Qe7 18. Nb1 Rd5 19. Qe2 Qd7 20. f3 d3 21. Rxd3 Bf5 22. Qd2 Bxd3 23. Bxd3 Ne5 24. Qc3+ Kd8 25. Bxe5 Rexe5 26. Nd2 Re3 27. Nc4 Rexd3 28. cxd3 Rxd3 29. Qxd3 Qxd3 30. Rd1 Qxd1+ 31. Kxd1 Kd7 32. Kd2 Nd5 33. g3 b5 34. Ne5+ Ke6 35. Nc6 a6 36. Nb8 Nc7 37. Kc3 a5 38. Nc6 a4 39. Kb4 Kd5 40. Na7 Kd4 41. Nxb5+ Nxb5 42. Kxb5 1-0

[Event "GRE-chT 34th"]
[Site "Ermioni Argolidas"]
[Date "2005.07.05"]
[Round "2"]
[White "Haritakis, Theodoros"]
[Black "Svetushkin, Dmitry"]
[Result "0-1"]
[WhiteElo "2302"]
[BlackElo "2514"]
[PlyCount "96"]
[EventDate "2005.07.04"]
[EventType "team"]
[EventRounds "9"]
[EventCountry "GRE"]
[SourceTitle "CBM 107 Extra"]
[Source "ChessBase"]
[SourceDate "2005.09.01"]
[SourceVersion "1"]
[SourceVersionDate "2005.09.01"]
[SourceQuality "1"]

1. d4 d5 2. c4 c6 3. Nf3 Nf6 4. Nc3 a6 5. e3 e6 6. Bd3 dxc4 7. Bxc4 b5 8. Bd3 c5 9. 0-0 Bb7 10. a3 Nbd7 11. Re1 Qb8 12. Bc2 Bd6 13. dxc5 Nxc5 14. e4 Ncd7 15. Bg5 Ng4 16. h3 Nge5 17. Nxe5 Bxe5 18. Qd2 Qc7 19. Rad1 Rc8 20. f4 h6 21. fxe5 hxg5 22. Qxg5 Qc5+ 23. Re3 Qxe5 24. Qxe5 Nxe5 25. Bb3 g5 26. Rd4 Ke7 27. a4 Bc6 28. axb5 axb5 29. Nd5+ Kd6 30. Nb4+ Kc5 31. Nc2 Rhd8 32. Rc3+ Kb6 33. Rg3 g4 34. hxg4 Rxd4 35. Nxd4 Bxe4 36. g5 Rc1+ 37. Kf2 Rb1 38. Ke3 Bg6 39. Kf4 Nd3+ 40. Ke3 Nxb2 41. Bc2 Nc4+ 42. Ke2 Bxc2 43. Nxc2 b4 44. Nxb4 Rxb4 45. g6 fxg6 46. Rxg6 Rb2+ 47. Ke1 Kc5 48. Rxe6 Rxg2 0-1

[Event "GRE-chT"]
[Site "Aghia Pelagia"]
[Date "2004.07.04"]
[Round "1.3"]
[White "Haritakis, Theodoros"]
[Black "Banikas, Hristos"]
[Result "0-1"]
[WhiteElo "2291"]
[BlackElo "2519"]
[PlyCount "44"]
[EventDate "2004.07.04"]
[EventType "team"]
[EventRounds "9"]
[EventCountry "GRE"]
[SourceTitle "CBM 101 Extra"]
[Source "ChessBase"]
[SourceDate "2004.09.01"]
[SourceVersion "2"]
[SourceVersionDate "2004.09.01"]
[SourceQuality "1"]
[WhiteTeam "15"]
[BlackTeam "02"]
[WhiteTeamCountry "GRE"]
[BlackTeamCountry "GRE"]

1. g3 e5 2. Bg2 Nc6 3. d3 d5 4. Nf3 Nf6 5. 0-0 Be7 6. Nbd2 0-0 7. e4 dxe4 8. Nxe4 Nxe4 9. dxe4 Qxd1 10. Rxd1 Bg4 11. c3 f5 12. Rd5 Rad8 13. Be3 f4 14. gxf4 exf4 15. Bd4 Be6 16. Rxd8 Rxd8 17. b3 g5 18. h3 h5 19. Rc1 g4 20. hxg4 hxg4 21. Ne1 Nxd4 22. cxd4 Rxd4 0-1

[Event "GRE-chT 32nd"]
[Site "Kallithea"]
[Date "2003.07.05"]
[Round "2"]
[White "Mastrovasilis, Athanasios"]
[Black "Haritakis, Theodoros"]
[Result "1/2-1/2"]
[WhiteElo "2499"]
[BlackElo "2295"]
[PlyCount "80"]
[EventDate "2003.07.04"]
[EventType "team-tourn"]
[EventRounds "9"]
[EventCountry "GRE"]
[SourceTitle "CBM 095 Extra"]
[Source "ChessBase"]
[SourceDate "2003.09.04"]
[SourceVersion "1"]
[SourceVersionDate "2003.09.04"]
[SourceQuality "1"]

1. Nf3 Nf6 2. c4 g6 3. g3 Bg7 4. Bg2 0-0 5. 0-0 d5 6. cxd5 Nxd5 7. Nc3 Nc6 8. Nxd5 Qxd5 9. d3 Qh5 10. Rb1 Bh3 11. Bxh3 Qxh3 12. b4 Rfd8 13. b5 Nd4 14. Nxd4 Bxd4 15. e3 Bg7 16. Rb3 Rd5 17. Qf3 Qd7 18. a4 Rd8 19. d4 e5 20. dxe5 Rd1 21. Bb2 Rxf1+ 22. Kxf1 Qe6 23. e4 Qc4+ 24. Kg2 Qxa4 25. Rd3 Rxd3 26. Qxd3 Bf8 27. Kh3 Qa2 28. Bd4 Qe6+ 29. Kg2 c5 30. bxc6 bxc6 31. Bxa7 Qxe5 32. Bd4 Qe6 33. Bb2 Bg7 34. Qd8+ Bf8 35. Qd4 f6 36. Qxf6 Qxe4+ 37. Kg1 Qe1+ 38. Kg2 Qe4+ 39. Kg1 Qe1+ 40. Kg2 Qe4+ 1/2-1/2

[Event "GRE-chT"]
[Site "Poros"]
[Date "1998.04.25"]
[Round "8"]
[White "Haritakis, Theodoros"]
[Black "Cela, Altin"]
[Result "0-1"]
[WhiteElo "2340"]
[BlackElo "2445"]
[PlyCount "88"]
[EventDate "1998.??.??"]
[EventType "team"]
[EventRounds "9"]
[EventCountry "GRE"]
[SourceTitle "EXT 1999"]
[Source "ChessBase"]
[SourceDate "1998.11.16"]
[SourceVersion "1"]
[SourceVersionDate "1998.11.16"]
[SourceQuality "1"]

1. d4 Nf6 2. c4 g6 3. Nc3 Bg7 4. e4 0-0 5. Nf3 d6 6. Be2 e5 7. dxe5 dxe5 8. Qxd8 Rxd8 9. Nd5 Nxd5 10. cxd5 c6 11. Bc4 b5 12. Bg5 f6 13. Bb3 cxd5 14. 0-0-0 Bb7 15. Be3 Na6 16. Rxd5 Bxd5 17. Bxd5+ Rxd5 18. exd5 Nb4 19. d6 Kf7 20. Kb1 Bf8 21. Rd1 Ke6 22. d7 Nc6 23. d8R Nxd8 24. Bxa7 Rxa7 25. Rxd8 Bc5 26. Rb8 Bxf2 27. Nd2 Be3 28. Nb3 Ra4 29. Rxb5 Rg4 30. g3 Bg1 31. Nc5+ Kd6 32. b4 Kc6 33. a4 Bxh2 34. Rb8 Bxg3 35. a5 Bf2 36. Nd3 Ba7 37. b5+ Kc7 38. Rf8 e4 39. b6+ Bxb6 40. axb6+ Kb7 41. Rf7+ Kxb6 42. Rxf6+ Kb5 43. Ne5 Rg1+ 44. Kc2 Kc5 0-1

[Event "GRE-chT"]
[Site "Poros"]
[Date "1998.04.21"]
[Round "2"]
[White "Grivas, Efstratios"]
[Black "Haritakis, Theodoros"]
[Result "1-0"]
[WhiteElo "2495"]
[BlackElo "2340"]
[PlyCount "141"]
[EventDate "1998.??.??"]
[EventType "team"]
[EventRounds "9"]
[EventCountry "GRE"]
[SourceTitle "EXT 1999"]
[Source "ChessBase"]
[SourceDate "1998.11.16"]
[SourceVersion "1"]
[SourceVersionDate "1998.11.16"]
[SourceQuality "1"]

1. d4 Nf6 2. Nf3 g6 3. g3 Bg7 4. Bg2 d5 5. c4 dxc4 6. Qa4+ Nfd7 7. Qxc4 Nc6 8. 0-0 Nb6 9. Qc2 Nxd4 10. Nxd4 Qxd4 11. Qxc7 Qc4 12. Qxc4 Nxc4 13. Nd2 Nd6 14. Nb3 0-0 15. Bg5 Re8 16. Rac1 h6 17. Bf4 Bxb2 18. Rc7 Nb5 19. Rc2 Bg7 20. Rfc1 e5 21. Be3 Nd4 22. Bxd4 exd4 23. Rd2 Bg4 24. Bxb7 Rab8 25. Ba6 Be6 26. Nc5 Bd5 27. Bc4 Rbd8 28. Bxd5 Rxd5 29. Nd3 Rb8 30. Kg2 Rdb5 31. Rdc2 Bf6 32. h4 h5 33. Rc6 Kg7 34. Ra6 R8b7 35. Rcc6 Bd8 36. Ra4 Bb6 37. Rac4 Re7 38. Rc2 Ra5 39. R6c4 Rb5 40. Nb4 Rd7 41. a4 Ra5 42. Nd3 Re7 43. Kf1 Rf5 44. Rb4 Re3 45. Rb5 Rxb5 46. axb5 Re7 47. Kg2 Rd7 48. Kf3 Rd5 49. Rb2 Rd7 50. Nf4 Rd6 51. Ke4 Rd8 52. Nd5 Bc5 53. Nf4 Bb6 54. Kd3 Rd7 55. Rc2 Rd6 56. Rc8 Rf6 57. Rc6 Rf5 58. Kc4 Re5 59. Kb4 d3 60. Nxd3 Rxe2 61. f4 Re3 62. Ne5 Rxg3 63. Rd6 Re3 64. Nd7 Re4+ 65. Kc3 Bg1 66. Rd1 Bf2 67. Ne5 Rxf4 68. Rd7 Rf5 69. Nd3 Bb6 70. Kc4 Rf1 71. Ne5 1-0

[Event "Korinthos op 2nd"]
[Site "Korinthos"]
[Date "1998.??.??"]
[Round "2"]
[White "Papatheodorou, Theodoros"]
[Black "Haritakis, Theodoros"]
[Result "1-0"]
[WhiteElo "2225"]
[BlackElo "2340"]
[PlyCount "59"]
[EventDate "1998.07.20"]
[EventType "swiss"]
[EventRounds "9"]
[EventCountry "GRE"]
[SourceTitle "EXT 1999"]
[Source "ChessBase"]
[SourceDate "1998.11.16"]
[SourceVersion "1"]
[SourceVersionDate "1998.11.16"]
[SourceQuality "1"]

1. e4 e6 2. d4 d5 3. Nc3 Nf6 4. Bg5 Bb4 5. Nge2 dxe4 6. a3 Be7 7. Bxf6 gxf6 8. Nxe4 b6 9. N2c3 Bb7 10. Bb5+ c6 11. Ba4 Nd7 12. Qe2 Qc7 13. 0-0-0 0-0-0 14. Qh5 Rhf8 15. g4 c5 16. Bxd7+ Rxd7 17. dxc5 Qf4+ 18. Kb1 Bxe4 19. Rxd7 Bg6 20. Rxe7 Bxh5 21. Nb5 Qf3 22. Rg1 Bg6 23. c6 a6 24. Rc7+ Kd8 25. Rd7+ Kc8 26. Nd6+ Kb8 27. c7+ Ka8 28. Rd8+ Ka7 29. c8Q Rxd8 30. Qc7+ 1-0

[Event "Ikaria op"]
[Site "Ikaria"]
[Date "1997.??.??"]
[Round "8"]
[White "Georgiev, Krum"]
[Black "Haritakis, Theodoros"]
[Result "1-0"]
[WhiteElo "2490"]
[BlackElo "2330"]
[PlyCount "57"]
[EventDate "1997.??.??"]
[EventType "swiss"]
[EventRounds "9"]
[EventCountry "GRE"]
[SourceTitle "EXT 2001"]
[Source "ChessBase"]
[SourceDate "2000.11.22"]
[SourceVersion "1"]
[SourceVersionDate "2000.11.22"]
[SourceQuality "1"]

1. e4 e6 2. d3 c5 3. f4 Nc6 4. Nd2 d6 5. Ngf3 Be7 6. g3 Nf6 7. Bg2 0-0 8. 0-0 a6 9. b3 b5 10. Bb2 Bb7 11. Qe2 Qc7 12. Rae1 e5 13. Qd1 Rfe8 14. Nh4 Bc8 15. Nf5 Bf8 16. g4 Bxf5 17. exf5 Nd7 18. g5 Rad8 19. Qh5 Nd4 20. Bd5 Re7 21. Bxd4 cxd4 22. Rf3 Qc5 23. Bxf7+ Rxf7 24. g6 Nf6 25. gxf7+ Kh8 26. Qh4 Qxc2 27. Ne4 Be7 28. Nxf6 Bxf6 29. Qxh7+ 1-0

[Event "Thessaloniki tt"]
[Site "Thessaloniki"]
[Date "1997.??.??"]
[Round "3"]
[White "Haritakis, Theodoros"]
[Black "Bousios, Hristos"]
[Result "0-1"]
[WhiteElo "2330"]
[BlackElo "2190"]
[PlyCount "78"]
[EventDate "1997.??.??"]
[EventType "swiss"]
[EventRounds "3"]
[EventCountry "GRE"]
[SourceTitle "EXT 2002"]
[Source "ChessBase"]
[SourceDate "2001.11.25"]
[SourceVersion "1"]
[SourceVersionDate "2001.11.25"]
[SourceQuality "1"]

1. d4 d5 2. Nf3 a6 3. b3 Bf5 4. Bb2 e6 5. e3 Nf6 6. Be2 Bb4+ 7. c3 Bd6 8. 0-0 Ne4 9. c4 c6 10. Ne5 f6 11. Nd3 Qc7 12. f4 dxc4 13. bxc4 c5 14. Nd2 Nd7 15. Rc1 0-0 16. g3 Rac8 17. Bf3 Nxd2 18. Qxd2 b5 19. cxb5 axb5 20. Nf2 Qb8 21. e4 Bg6 22. Rfd1 c4 23. Qe2 Be7 24. e5 fxe5 25. dxe5 Nb6 26. a3 Bc5 27. Bd4 Bxa3 28. Ra1 b4 29. Qe3 Nd5 30. Bxd5 exd5 31. Bc5 Rfd8 32. e6 Qc7 33. Bb6 Qd6 34. Bxd8 Rxd8 35. g4 Be8 36. f5 Ba4 37. Ne4 Qe5 38. Qb6 Re8 39. Nd6 Bxd1 0-1

[Event "GRE-ch"]
[Site "Athens"]
[Date "1996.??.??"]
[Round "4"]
[White "Anagnostopoulos, Dimitrios"]
[Black "Haritakis, Theodoros"]
[Result "1-0"]
[WhiteElo "2515"]
[BlackElo "2320"]
[PlyCount "59"]
[EventDate "1996.08.15"]
[EventType "tourn"]
[EventRounds "9"]
[EventCountry "GRE"]
[EventCategory "9"]
[SourceTitle "CBM 055 Extra"]
[Source "ChessBase"]
[SourceDate "1997.01.01"]
[SourceVersion "1"]
[SourceVersionDate "1997.01.01"]
[SourceQuality "1"]

1. e4 e6 2. d4 d5 3. Nd2 c5 4. exd5 exd5 5. Ngf3 Nf6 6. Bb5+ Bd7 7. Bxd7+ Nbxd7 8. 0-0 Be7 9. dxc5 Nxc5 10. Nd4 Qd7 11. N2f3 0-0 12. Bf4 Rfe8 13. Ne5 Qc8 14. Re1 Nce4 15. Nd3 Bd6 16. c3 Qc4 17. Bxd6 Nxd6 18. Ne5 Qa6 19. Qc2 Re7 20. a3 Rae8 21. Nd3 Kf8 22. Rxe7 Rxe7 23. Nb4 Qc4 24. Rd1 g6 25. Qd2 a5 26. Nbc2 Kg7 27. Qf4 Qc5 28. Ne3 h6 29. Nb3 Qb6 30. Qxf6+ 1-0

[Event "Kavala op 06th"]
[Site "Kavala"]
[Date "1996.??.??"]
[Round "?"]
[White "Bogdanovski, Vlatko"]
[Black "Haritakis, Theodoros"]
[Result "1/2-1/2"]
[WhiteElo "2455"]
[BlackElo "2345"]
[PlyCount "120"]
[EventDate "1996.??.??"]
[EventType "swiss"]
[EventRounds "9"]
[EventCountry "GRE"]
[SourceTitle "EXT 2003"]
[Source "ChessBase"]
[SourceDate "2002.11.25"]
[SourceVersion "1"]
[SourceVersionDate "2002.11.25"]
[SourceQuality "1"]

1. Nf3 Nf6 2. d4 g6 3. c4 Bg7 4. Nc3 0-0 5. e4 d6 6. Be2 e5 7. 0-0 exd4 8. Nxd4 Re8 9. f3 Nc6 10. Be3 Nh5 11. f4 Nf6 12. Bf3 Bg4 13. Nxc6 Bxf3 14. Qxf3 bxc6 15. Rae1 Qc8 16. e5 dxe5 17. Qxc6 Ng4 18. Bc5 exf4 19. Nd5 Ne5 20. Nf6+ Bxf6 21. Qxf6 Qf5 22. Qxf5 gxf5 23. b3 Nd3 24. Rxe8+ Rxe8 25. Bxa7 Ra8 26. Bd4 Rxa2 27. Rd1 Nb4 28. Be5 f6 29. Bxf4 Rb2 30. Rd7 h5 31. Bd2 Rxb3 32. Bxb4 Rxb4 33. Rxc7 Rb2 34. g3 h4 35. gxh4 Rc2 36. c5 f4 37. c6 f3 38. h5 Kh8 39. h6 f5 40. h3 Rg2+ 41. Kf1 Rc2 42. h4 f4 43. h5 f2 44. Kg2 f1Q+ 45. Kxf1 f3 46. Kg1 Rg2+ 47. Kh1 Rc2 48. Kg1 Rg2+ 49. Kf1 Rc2 50. Rc8+ Kh7 51. c7 Rc4 52. Kf2 Rc3 53. Kg3 f2+ 54. Kxf2 Rc1 55. Ke3 Rc2 56. Kd4 Rc1 57. Ke5 Re1+ 58. Kf6 Rf1+ 59. Ke7 Re1+ 60. Kd7 Rd1+ 1/2-1/2